00807cam a22002057a 4500003000500000005001700005008004100022010001000063011001000073035001000083040000900093100003000102245018200132260004000314300001000354502010500364650002600469650005700495710004900552CHAP20220329141511.0971013s1986 r 00010 d a69151 a70123 a79603 cCHAP00aFlores Bautista, Nereida. 0aEvaluación financiera del cultivo del crisantemo (Crisantemum spp.) en la Cooperativa Agropecuaria 'Altmella' Sta. Catarina del Monte, Municipio de Texcoco, Estado de México aChapingo, Méx. :bEl autor,c1986 a61 h. aTesis (Ing. Agrónomo esp. en Economía Agrícola) -- UACH. Departamento de Economía Agrícola14aCrisantemoxMercadeo.14aFloriculturaxAspectos económicosxMéxico (Edo.)0 aUACH. Departamento de Economía Agrícola.